| 000 | 01428nam a2200289Ia 4500 | ||
|---|---|---|---|
| 003 | CO-CtgCURN | ||
| 005 | 20250408220224.0 | ||
| 008 | 190723s9999 xx 000 0 und d | ||
| 020 | _a9789587490961 | ||
| 040 |
_aCO-CtgCURN _bspa _ccoctgcurn |
||
| 082 |
_a345.02 _bP855d |
||
| 100 | _aPosada Maya, Ricardo | ||
| 245 | 0 |
_aDelito continuado y concurso de delitos / _cRicardo Posada Maya |
|
| 250 | _aReimpresión | ||
| 260 |
_aBogotá, Colombia : _bGrupo Editorial Ibañez, _c2012 |
||
| 300 |
_a793 páginas ; _c24 centímetros |
||
| 490 | _aColeccion Ciencias Penales | ||
| 504 | _aIncluye referencias bibliográficas (p. 759-793) | ||
| 505 | _a1. La unidad y pluralidad de conductas -- 2. La unidad y pluralidad de tipicidades -- 3. Origen y evolucion del delito continuado -- 4. Concepto y fundamento del delito continuado -- 5. Elementos del delito continuado (I) -- 6. Los elementos del delito continuado (II) 7. El delito continuado con sujeto pasivo masa (delito-masa) -- 8. Aspecto problematicos del delito continuado -- 9. La punibilidad del delito continuado | ||
| 521 | _aAREA PROFESIONAL | ||
| 590 | _aPrograma de Derecho_18 | ||
| 650 |
_aDelitos _xLegislacion _zColombia |
||
| 650 |
_aDerecho penal _zColombia |
||
| 942 |
_cBK _h345.02 _iP855d _2ddc _n0 |
||
| 999 |
_c28813 _d28813 |
||